Clickable Mixables Quiz Stats

 Plays Quiz Updated Aug 13, 2016

Score 0/30 Timer 06:00
2 Plays Today
% Correct
Bloody Mary
83.8%
Jägerbomb
80.8%
Screwdriver
78.3%
Mimosa
78.1%
White Russian
76.3%
Piña Colada
73.6%
Martini
73.5%
Long Island Iced Tea
71.6%
Mint Julep
66.5%
Margarita
66%
Blue Lagoon
63.6%
Black Russian
63.5%
Grasshopper
62.3%
Mojito
62%
Cuba Libre
61.8%
% Correct
Boilermaker
57.6%
Fuzzy Navel
57%
Old Fashioned
51.5%
Salty Dog
46.9%
Cosmopolitan
46.2%
Manhattan
45.9%
Sex on the Beach
44.3%
Sea Breeze
37.1%
B-52
34.5%
Rusty Nail
31.1%
Daiquiri
27.7%
Mai Tai
27.6%
Singapore Sling
27.6%
Stinger
19.6%
Hurricane
19.4%

You're not logged in!

Compare scores with friends on all Sporcle quizzes.
OR
Log In

Show Comments

Extras

Top Quizzes Today


Score Distribution

Your Account Isn't Verified!

In order to create a playlist on Sporcle, you need to verify the email address you used during registration. Go to your Sporcle Settings to finish the process.

Report this User

Report this user for behavior that violates our Community Guidelines.

Details: